Представление документа в формате MARC21

Поле Инд. ПП Название Значение
Тип записи a
Библиографический уровень m
001 Контрольный номер 288b653a0863470e9382c5c377de2f20
005 Дата корректировки 20260515102341.0
020 a ISBN 978-5-09-121332-4
097 b Оператор *Ви*
100 1_ a Автор Рудяков А.Н.
245 10 a Заглавие Русский язык. Базовый уровень
b Продолж. заглавия учебник для образовательных организаций, реализующих образовательные программы среднего профессионального образования
b Продолж. заглавия в составе учебно-методического комплекса
b Продолж. заглавия в 2 частях
n Номер части/ раздела Часть 1
250 a Основные сведения об издании 2-е изд., стер.
260 a Место издания Москва
b Издательство Просвещение
c Дата издания 2025
300 a Объем 303 с.
440 _0 a Серия УМК-У
516 8_ a Прим. о типе комп. файла/ данных Текст : электронный
516 8_ a Прим. о типе комп. файла/ данных Режим доступа: для авторизир. пользователей
516 8_ a Прим. о типе комп. файла/ данных Дата обращения: 05.05.2026
520 0_ a Аннотация Данный учебник разработан в соответствии с требованиями Федерального государственного образовательного стандарта среднего общего образования в редакции Приказа Министерства просвещения Российской Федерации № 1028 от 27.12.2023 г., требованиями Федеральной образовательной программы среднего общего образования, утверждённой Приказом Министерства просвещения Российской Федерации № 171 от 19.03.2024 г., и предназначен для реализации образовательных программ среднего профессионального образования, реализуемых на базе основного общего образования или интегрированных с образовательными программами основного общего и среднего общего образования, при освоении учебных предметов, курсов, дисциплин (модулей) основного общего образования и (или) среднего общего образования. В учебнике реализуются современные образовательные подходы. Задания и упражнения, направленные на закрепление учебного материала, базируются на деятельностном подходе и способствуют формированию ключевых базовых и предметных компетенций. Предусмотрено поэтапное повторение и обобщение изученного материала. Границы России даны на октябрь 2022 г.
535 1_ a Хранилище ЭБС Лань
583 a Действие Приписка : УМК
653 0_ a Ключевые слова Русский язык
a Ключевые слова СПО
700 12 a Другие авторы Фролова Т.Я.
700 12 a Другие авторы Маркина-Гурджи М.Г.
700 12 a Другие авторы [и др.]
773 18 w Контрольный № источника 49a893bb61f140158b24da04a763a8c5
856 40 u URL https://e.lanbook.com/book/473003
901 t Тип документа m
905 b Дата создания записи обработка 15.05.26
c Дата приписки 15.05.26